Research methodology in geography : (Record no. 52696)

MARC details
000 -LEADER
fixed length control field 00591nam a2200205Ia 4500
005 - DATE AND TIME OF LATEST TRANSACTION
control field 20260429112152.0
008 - FIXED-LENGTH DATA ELEMENTS--GENERAL INFORMATION
fixed length control field 260429s9999||||xx |||||||||||||| ||und||
020 ## - INTERNATIONAL STANDARD BOOK NUMBER
International Standard Book Number 9788170334255
041 ## - LANGUAGE CODE
Language English
082 ## - DEWEY DECIMAL CLASSIFICATION NUMBER
Classification number 910.72
Item number MIS
100 ## - MAIN ENTRY--PERSONAL NAME
Personal name Mishra, Harikesh N.
245 #0 - TITLE STATEMENT
Title Research methodology in geography :
Remainder of title social, spatial and policy dimensions /
Statement of responsibility, etc Harikesh N. Mishra
250 ## - EDITION STATEMENT
Edition statement 1st ed.
260 ## - PUBLICATION, DISTRIBUTION, ETC. (IMPRINT)
Place of publication, distribution, etc Jaipur :
Name of publisher, distributor, etc Rawat Publications,
Date of publication, distribution, etc 2024.
300 ## - PHYSICAL DESCRIPTION
Extent 474 p.; hb
650 ## - SUBJECT ADDED ENTRY--TOPICAL TERM
Topical term or geographic name as entry element Research methodology
650 ## - SUBJECT ADDED ENTRY--TOPICAL TERM
Topical term or geographic name as entry element Geography
700 ## - ADDED ENTRY--PERSONAL NAME
Personal name Singh, Vijai P.
942 ## - ADDED ENTRY ELEMENTS (KOHA)
Koha item type Text Books
Holdings
Withdrawn status Lost status Damaged status Not for loan Collection code Home library Location Shelving location Date of Cataloging Source of acquisition Total Checkouts Full call number Barcode Date last seen Price effective from Koha item type
        Non-fiction CUTN Central Library CUTN Central Library History & Geography 29/04/2026 Technical Bureau, New Delhi - Invoice No. TB3351 on 09-02-2026   910.72 MIS 57804 29/04/2026 29/04/2026 Text Books